00576cam a22002171 4500001001300000003000400013005001700017008004100034010001700075035002000092040001800112042001200130050002300142100002500165245003600190260003400226300001900260650002500279710003700304999001700341sa 68001495 DLC20260227112434.0890109s1967 io 000 0 ind  asa 68001495  a(OCoLC)23554913 aDLCcMiUdDLC apremarc00aHF5549b.M315 19671 aManullang, Manginar.10aManagement personalia, Tjet. 2. aMedan,bSinar Harapan,c1967. a202 p.c22 cm. 0aPersonnel management1 aIndonesia.bLaws, statutes, etc. c77995d77995